000 00493nam a2200169Ia 4500
003 IN-BaIIA
008 211028s9999 xx s 000 0 eng d
020 _a9780819407634 (Print)
020 _a9780819479013 (Online)
040 _cIIA Library
100 _aKingslake, Rudolf
_910696
245 0 _aOptics in Photography
_h[eBook]
260 _aWashington, USA
_bSPIE
_c1992
300 _aOnline resource
856 _uhttps://doi.org/10.1117/3.43160
_yClick Here to Access eBook
942 _cEB
999 _c22402
_d22402